[Event "Meridian Invitational"]
[Site "Meridian, ID"]
[Date "2012.06.23"]
[Round "2.5"]
[White "Edvalson, Paul"]
[Black "Longhurst, Corey Kenneth"]
[Result "0-1"]
[WhiteElo "1565"]
[BlackElo "1584"]

1. b3 d5 2. Bb2 Nc6 3. e3 e6 4. Bb5 Bd7 5. f4 a6 6. Bxc6 Bxc6 7. Nf3 Nf6 8.
Ne5 Bd6 9. Nxc6 bxc6 10. O-O O-O 11. d3 Bc5 12. Qe2 h5 13. Nd2 Ng4 14. d4 Bb6
15. Nf3 h4 16. h3 Nh6 17. Ne5 Nf5 18. Rfe1 Ba5 19. Nxc6 Ng3 20. Rad1 Nxe2+ 21.
Kf2 Qd6 {#R} 0-1

[Event "Meridian Invitational"]
[Site "Meridian, ID"]
[Date "2012.06.23"]
[Round "3.4"]
[White "Longhurst, Corey Kenneth"]
[Black "Myers, Hugh S"]
[Result "1-0"]
[WhiteElo "1584"]
[BlackElo "1520"]

1. e4 e5 2. Nf3 Nc6 3. Bb5 d6 4. c3 a6 5. Ba4 Bd7 6. O-O Nf6 7. Re1 Be7 8. h3
O-O 9. d4 exd4 10. cxd4 Ne5 11. dxe5 Bxa4 12. Qxa4 dxe5 13. Nc3 Bd6 14. Bg5 h6
15. Bh4 c5 16. Bg3 Qe7 17. Nd5 Nh5 18. Nxe7+ {#r} 1-0

[Event "Meridian Invitational"]
[Site "Meridian, ID"]
[Date "2012.06.23"]
[Round "4.2"]
[White "Lundy III, George W"]
[Black "Longhurst, Corey Kenneth"]
[Result "1/2-1/2"]
[WhiteElo "1583"]
[BlackElo "1584"]

1. e4 c5 2. Nf3 d6 3. Bd3 Nc6 4. c3 Bg4 5. h3 Bh5 6. Be2 Nf6 7. d3 Bg6 8. Nh4
e6 9. O-O Nd7 10. Nf3 Be7 11. Be3 O-O 12. Nbd2 Bf6 13. Nh2 Re8 14. f4 h6 15.
Ndf3 Be7 16. g4 d5 17. f5 exf5 18. gxf5 Bh7 19. Qc2 d4 20. Bd2 Rc8 21. Kh1
Nce5 22. Rg1 Bf6 23. Bxh6 Rc6 24. Rg2 Kh8 25. Bd2 Rg8 26. Rag1 Nf8 27. Ng4
Nxg4 28. Rxg4 b5 29. cxd4 Bxd4 30. Nxd4 Qxd4 31. Bc3 Qe3 32. R1g3 Qh6 33. Qb3
f6 34. Qxb5 Rb6 35. Qxc5 Nd7 36. Qc7 Qc1+ 37. Kh2 Rxb2 38. Qxd7 Rxe2+ 39. Rg2
Rxg2+ 40. Rxg2 Qxc3 41. Qd5 Qe5+ 42. Qxe5 fxe5 43. Rd2 Rd8 44. h4 Kg8 45. Kg3
Kf7 46. Kf3 g6 47. Ke3 gxf5 48. exf5 Bxf5 49. d4 exd4+ 50. Rxd4 Rxd4 51. Kxd4
Kg6 52. Kc5 Bd3 53. a4 Kh5 54. a5 a6 55. Kd4 Bb5 56. Kc5 Kxh4 {#d} 1/2-1/2

[Event "ICA Sumr Classic (Open)"]
[Site "Boise, ID"]
[Date "2012.07.14"]
[Round "1.6"]
[White "Olsoy, Peter John"]
[Black "Longhurst, Corey Kenneth"]
[Result "1-0"]
[WhiteElo "1698"]
[BlackElo "1574"]

1. d4 d5 2. c4 c6 3. Nc3 Nf6 4. Bg5 e6 5. e3 Be7 6. Nf3 O-O 7. Rc1 Nbd7 8. Bd3
h6 9. Bf4 Nh5 10. Be5 Nhf6 11. O-O dxc4 12. Bxc4 b5 13. Bd3 Bb7 14. a3 Rc8 15.
b4 a5 16. Qb3 Nxe5 17. Nxe5 axb4 18. axb4 Nd7 19. Nxd7 Qxd7 20. Ne4 Rfd8 21.
Nc5 Bxc5 22. Rxc5 Qe8 23. Be4 Rc7 24. Rfc1 Rdc8 25. Bd3 Qd7 26. Qd1 g6 27. Qg4
Kg7 28. Qf4 Qd8 29. Bxb5 Qd7 30. Bd3 f6 31. Qg3 g5 32. Be2 Qf7 33. f4 Kh8 34.
fxg5 Rg8 35. Qh3 fxg5 36. Qxh6+ Qh7 37. Qf6+ Rcg7 38. Rxg5 c5 39. Rcxc5 {#r}
1-0

[Event "ICA Sumr Classic (Open)"]
[Site "Boise, ID"]
[Date "2012.07.14"]
[Round "2.6"]
[White "Longhurst, Corey Kenneth"]
[Black "Edvalson, Paul"]
[Result "1-0"]
[WhiteElo "1574"]
[BlackElo "1624"]

1. d4 Nf6 2. c4 g6 3. Nc3 Bg7 4. e4 d6 5. f3 O-O 6. Be3 Nc6 7. Qd2 e5 8. d5
Nd4 9. Nge2 Nxe2 10. Bxe2 a6 11. a4 Bd7 12. O-O-O Rb8 13. g4 h5 14. h3 b5 15.
cxb5 axb5 16. Nxb5 Bxb5 17. Bxb5 Qc8 18. Bc6 hxg4 19. hxg4 Nxg4 20. fxg4 Qxg4
21. Bh6 Rb3 22. Bxg7 Kxg7 23. Qh6+ Kf6 24. Qxf8 Qg2 25. Rdf1+ Rf3 26. Qd8+ Kg7
27. Qh8# 1-0

[Event "ICA Sumr Classic (Open)"]
[Site "Boise, ID"]
[Date "2012.07.15"]
[Round "4.5"]
[White "Roland, Jeffrey T"]
[Black "Longhurst, Corey Kenneth"]
[Result "1/2-1/2"]
[WhiteElo "1700"]
[BlackElo "1574"]

1. d4 Nf6 2. c4 g6 3. Nc3 Bg7 4. e4 d6 5. Nf3 O-O 6. Be2 Nbd7 7. O-O e5 8.
dxe5 Nxe5 9. Nxe5 dxe5 10. Qxd8 Rxd8 11. Bg5 Be6 12. Nd5 Bxd5 13. Bxf6 Bxf6
14. cxd5 Be7 15. Rac1 {#d} 1/2-1/2

[Event "ICA Sumr Classic (Open)"]
[Site "Boise, ID"]
[Date "2012.07.15"]
[Round "5.5"]
[White "Longhurst, Corey Kenneth"]
[Black "Hamilton, Brett B"]
[Result "0-1"]
[WhiteElo "1574"]
[BlackElo "1777"]

1. e4 g6 2. d4 Bg7 3. Nf3 c5 4. Be2 cxd4 5. Nxd4 Nc6 6. Nxc6 bxc6 7. O-O d5 8.
exd5 Qb6 9. c3 cxd5 10. Qb3 Qxb3 11. axb3 Bd7 12. Be3 Nf6 13. Rxa7 O-O 14. Bc5
Rxa7 15. Bxa7 e6 16. Bd4 Rb8 17. Nd2 Kf8 18. Bd3 Ng4 19. Bxg7+ Kxg7 20. Rb1
Ne5 21. Be2 Nc6 22. Bf3 Ne5 23. Be2 Ra8 24. Nf3 Nxf3+ 25. Bxf3 Ra2 26. Kf1 Kf6
27. g3 Ke5 28. Ke1 Kd6 29. Kd2 e5 30. Be2 f5 31. f4 d4 32. cxd4 exd4 33. Bc4
Bc6 34. h4 Be4 35. Bd3 h5 36. Kc2 Kd5 37. Rd1 Bxd3+ 38. Rxd3 Ke4 39. Rd1 Ke3
40. Rd3+ Ke4 41. b4 Rxb2+ 42. Kxb2 Kxd3 43. b5 Ke2 44. b6 d3 45. b7 d2 46.
b8=Q d1=Q 47. Qe5+ Kf1 48. Qf6 Qe2+ 49. Ka3 Kg2 50. Qc6+ Qf3+ {#R} 0-1

[Event "MH Summer Tourny"]
[Site "Mountain Home, ID"]
[Date "2012.07.28"]
[Round "1.4"]
[White "Stack, Daniel"]
[Black "Longhurst, Corey Kenneth"]
[Result "0-1"]
[WhiteElo "1000"]
[BlackElo "1491"]

1. e4 c5 2. Bc4 Nc6 3. Nf3 d6 4. O-O Nf6 5. Ng5 e6 6. Re1 Be7 7. Nc3 a6 8. Be2
b5 9. Bh5 Nxh5 10. Qxh5 Bxg5 11. f4 Bf6 12. d3 O-O 13. Nd1 g6 14. Qh6 Bg7 15.
Qh3 Nd4 16. Ne3 Qa5 17. c3 e5 18. Qh4 exf4 19. a3 Nb3 20. Rb1 fxe3 21. Rxe3
Nxc1 22. Rxc1 Qb6 23. g4 b4 24. Rh3 h6 25. Rf1 Be6 26. Rf6 h5 27. a4 Bxg4 28.
Rg3 Bxf6 29. Qxf6 Qd8 30. Qf4 Qd7 31. h3 Bxh3 32. Kh2 Bg4 33. Rg1 Qxa4 34. Kg3
Qc2 35. Kh4 Qxd3 36. Kg5 Rae8 37. Kf6 Kh7 38. Qg5 Re6# 0-1

[Event "MH Summer Tourny"]
[Site "Mountain Home, ID"]
[Date "2012.07.28"]
[Round "2.1"]
[White "Longhurst, Corey Kenneth"]
[Black "Stewart, Timothy"]
[Result "0-1"]
[WhiteElo "1491"]
[BlackElo "1831"]

1. d4 d5 2. c4 dxc4 3. e4 e5 4. d5 c6 5. Bxc4 Nf6 6. Nc3 Bb4 7. Nge2 Nxe4 8.
O-O Nd6 9. Bd3 O-O 10. a3 Bc5 11. Qc2 f5 12. Ng3 e4 13. Be2 Bd4 14. Rd1 c5 15.
Bf4 a6 16. Bf1 g5 17. Bc1 Nd7 18. Rb1 Ne5 19. Nce2 Qf6 20. Nxd4 cxd4 21. Qd2
f4 22. Ne2 Nd3 23. b3 Bg4 24. Bb2 Nf5 25. f3 Nxb2 26. fxg4 Nxd1 27. gxf5 Ne3
28. Nxd4 Nxd5 29. Ne6 Ne3 30. Nxf8 Rxf8 31. Qb4 Nxf1 32. Rxf1 Qxf5 33. Qxb7
Qc5+ 34. Kh1 Qb5 35. Qxe4 Qxf1# 0-1

[Event "MH Summer Tourny"]
[Site "Mountain Home, ID"]
[Date "2012.07.28"]
[Round "3.3"]
[White "Gorman, Cody Austin"]
[Black "Longhurst, Corey Kenneth"]
[Result "1/2-1/2"]
[WhiteElo "1290"]
[BlackElo "1491"]

1. b3 d6 2. Bb2 e5 3. e3 Nc6 4. Bb5 Bd7 5. Nf3 a6 6. Be2 Nf6 7. c4 Be7 8. O-O
O-O 9. d3 h6 10. Nbd2 Rb8 11. Qc2 Re8 12. d4 exd4 13. Nxd4 Nxd4 14. exd4 Bf8
15. Bf3 b5 16. Rfe1 Rxe1+ 17. Rxe1 bxc4 18. bxc4 c6 19. Ba3 Qb6 20. Rb1 Qc7
21. Rxb8 Qxb8 22. Qb3 Qxb3 23. axb3 a5 24. c5 d5 25. Bb2 Be7 26. Kf1 Bf5 27.
Be2 Bc2 28. f3 Ne8 29. Bc3 Bd8 30. Ba6 a4 31. Bb7 Bd3+ 32. Ke1 Bb5 33. bxa4
Bxa4 34. Ba6 Bf6 35. Ke2 Nc7 36. Bd3 Ne6 37. Ke3 Nxc5 38. Bb4 Ne6 39. g3 Bxd4+
40. Ke2 c5 41. Ba3 c4 42. Bb1 g5 43. Nf1 Kg7 44. Ne3 Bxe3 45. Kxe3 d4+ 46. Kd2
Bc6 47. Ke2 Kf6 48. Bb2 Ke5 49. Ba2 Bd5 50. Bc1 Kd6 51. h4 f6 52. Ba3+ Nc5 53.
Bb2 Ke5 54. f4+ gxf4 55. gxf4+ Kxf4 56. Bxd4 Ne4 57. Be3+ Kg4 58. Bd2 Nxd2 59.
Kxd2 c3+ 60. Kxc3 Bxa2 61. Kd3 Kxh4 62. Ke3 Kg4 63. Kf2 f5 64. Kg2 Kf4 65. Kf2
Bd5 66. Kg1 Kg3 67. Kf1 Kh2 68. Kf2 h5 69. Ke3 Kg2 70. Kf4 h4 71. Kxf5 h3 72.
Ke5 Bf3 73. Kf4 h2 74. Ke3 h1=Q 75. Kd4 Qd1+ 76. Ke3 Qe2+ 77. Kd4 Qe4+ 78. Kc5
Qd5+ 79. Kb6 Qc6+ 80. Ka5 Be2 81. Kb4 Qc4+ 82. Ka3 Bd1 83. Kb2 Qb3+ 84. Ka1
Qa3+ 85. Kb1 Qb3+ 86. Ka1 Qc3+ 87. Ka2 Bh5 88. Kb1 Bg6+ 89. Ka2 Kf3 {#d}
1/2-1/2

[Event "MH Summer Tourny"]
[Site "Mountain Home, ID"]
[Date "2012.07.28"]
[Round "4.4"]
[White "Longhurst, Corey Kenneth"]
[Black "Pentico, Christopher"]
[Result "0-1"]
[WhiteElo "1491"]
[BlackElo "1000"]

1. e4 c6 2. d4 d5 3. exd5 cxd5 4. c4 Nf6 5. Bg5 Ne4 6. Bf4 Bf5 7. f3 Qa5+ 8.
Nd2 Nxd2 9. Qxd2 Qxd2+ 10. Bxd2 dxc4 11. Bxc4 Nc6 12. Bc3 e6 13. Ne2 Bb4 14.
O-O O-O 15. g4 Bg6 16. d5 Bxc3 17. Nxc3 Na5 18. Bb5 exd5 19. Nxd5 a6 20. Ne7+
Kh8 21. Nxg6+ fxg6 22. Ba4 b5 23. Bc2 Nc4 24. Be4 Rad8 25. b3 Nd2 26. Rf2 Nxe4
27. fxe4 Rxf2 28. Kxf2 Rd2+ 29. Kg3 h5 30. h3 Kh7 31. a4 Rd3+ 32. Kf4 Rxb3 33.
h4 hxg4 34. Kxg4 Rb4 35. Re1 Rxa4 36. Kg5 b4 37. e5 Ra5 38. Kf4 b3 39. e6 Rf5+
40. Kg4 Rf8 41. e7 Re8 42. Kf4 b2 43. Rb1 Rxe7 44. Rxb2 a5 45. Ra2 Rf7+ 46.
Kg4 Rf5 47. Ra4 Kh6 48. Ra1 Rb5 49. Kg3 Kh5 50. Ra3 g5 51. hxg5 Kxg5 52. Kf3
Kh5 53. Ra1 g5 54. Ra3 Rf5+ 55. Kg3 Rc5 56. Kf2 Kh4 57. Ra4+ g4 58. Kg2 Rb5
59. Kf2 Kh3 60. Ra3+ Kh2 61. Ra4 g3+ 62. Kf3 Rb3+ 63. Ke2 g2 64. Rxa5 g1=Q 65.
Rh5+ Rh3 66. Rxh3+ Kxh3 67. Kd3 Qc5 68. Ke4 Kg4 69. Kd3 Qb4 70. Ke3 Kg3 71.
Kd3 Kf3 72. Kc2 Qa3 73. Kd2 Ke4 74. Ke2 Qa2+ 75. Kf1 Kf3 76. Ke1 Qe2# 0-1

[Event "National Chess Day"]
[Site "Boise, ID"]
[Date "2012.10.13"]
[Round "2.2"]
[White "Longhurst, Corey"]
[Black "Niro III, Frank A"]
[Result "1/2-1/2"]
[WhiteElo "1569"]
[BlackElo "1734"]

1. e4 c5 2. Nf3 d6 3. d4 cxd4 4. Nxd4 Nf6 5. Nc3 a6 6. Bg5 e6 7. Be2 Be7 8.
Qd2 Bd7 9. O-O-O b5 10. Bf3 Ra7 11. Be3 Rc7 12. Nb3 Rc8 13. g4 h6 14. h4 h5
15. g5 Ng4 16. Bf4 e5 17. Nd5 exf4 18. Nxf4 Ne5 19. Be2 Be6 20. Nxh5 Kf8 21.
Ng3 Qc7 22. Kb1 Nbc6 23. Nf5 Rd8 24. Ne3 Kg8 25. Nd5 Bxd5 26. Qxd5 Nb4 27. Qd2
Qxc2+ 28. Qxc2 Nxc2 29. Kxc2 Rc8+ 30. Kb1 g6 31. Nd4 Kg7 32. f4 Nc4 33. f5 Kh7
34. f6 Bd8 35. h5 Re8 36. hxg6+ Kxg6 37. Rh6+ Kxg5 38. Rdh1 Nd2+ 39. Ka1 Rc1+
40. Rxc1 Kxh6 41. Nf5+ Kg5 42. Nxd6 Rf8 43. e5 Kf4 44. Rc8 Rh8 45. b3 Rh1+ 46.
Kb2 Bb6 47. Kc2 Kxe5 48. Ne8 Ne4 49. Rc6 Bd8 50. Rxa6 Nxf6 51. Nxf6 Bxf6 52.
Bxb5 Rh2+ 53. Kd3 Rh3+ 54. Kc4 Rh4+ 55. Kd3 Rh3+ 56. Kc4 Rh4+ 57. Kc5 Be7+ 58.
Kc6 Rh6+ 59. Kd7 Rxa6 60. Bxa6 Ba3 61. Bb7 f5 62. Bf3 Kd4 63. Ke6 f4 64. Kf5
Ke3 65. Kg4 Bd6 66. a4 Bb4 67. Bc6 Bd2 68. Bb7 Kd4 69. Kf3 Kc5 70. Bc8 Kb4 71.
Be6 Be3 72. Ke2 Bc1 73. Kd3 Be3 74. Bd5 Bg1 75. Bc6 Kxb3 {#d} 1/2-1/2

[Event "National Chess Day"]
[Site "Boise, ID"]
[Date "2012.10.13"]
[Round "3.2"]
[White "Knoll, Lucas"]
[Black "Longhurst, Corey"]
[Result "1-0"]
[WhiteElo "922"]
[BlackElo "1569"]

1. e4 c5 2. Nf3 d6 3. Bc4 Nc6 4. Nc3 a6 5. O-O e6 6. Re1 b5 7. Bd5 exd5 8.
exd5+ Nce7 9. d4 b4 10. Na4 c4 11. a3 Rb8 12. Qd2 a5 13. b3 c3 14. Qd3 Bf5 15.
Qxf5 Nf6 16. Bg5 Qd7 17. Qxd7+ Nxd7 18. Bf4 Nf6 19. Re2 Kd7 20. Ng5 Nfxd5 21.
Bxd6 Kxd6 22. Nxf7+ Kd7 23. Nxh8 Ke8 24. Rae1 Rd8 25. Nc5 Rc8 26. Nb7 Rc6 27.
Re5 Nc7 28. d5 Rb6 29. Nxa5 Rd6 30. axb4 Rxd5 31. Rxd5 Ncxd5 32. b5 g6 33. h4
Bg7 34. Nc4 Bxh8 35. b6 Kd7 36. Ra1 Nc6 37. Ra8 Bd4 38. b7 Kc7 39. Na5 Ndb4
40. Rc8+ Kb6 41. Rxc6+ Nxc6 42. Nxc6 Kxb7 43. Nxd4 Kb6 44. Kf1 Kc5 45. Nf3 Kb4
46. Ke2 Ka3 47. Kd3 Kb2 48. Ne1 {#r} 1-0

[Event "National Chess Day"]
[Site "Boise, ID"]
[Date "2012.10.13"]
[Round "5.4"]
[White "Buus, Jarod N"]
[Black "Longhurst, Corey"]
[Result "0-1"]
[WhiteElo "1109"]
[BlackElo "1569"]

1. e4 c5 2. Nf3 d6 3. d4 cxd4 4. Nxd4 Nf6 5. Nc3 a6 6. Bc4 b5 7. Bb3 Bb7 8. f3
g6 9. Be3 Bg7 10. Qd2 O-O 11. O-O-O Nbd7 12. h4 Nc5 13. g4 e6 14. h5 Rc8 15.
hxg6 Nxb3+ 16. Nxb3 fxg6 17. Bg5 Qb6 18. Nd4 d5 19. Bxf6 Bxf6 20. Qh6 Rf7 21.
Nde2 b4 22. Na4 Qb5 23. Nf4 Qxa4 24. b3 Qa3+ 25. Kd2 Qb2 26. Rc1 Bc3+ 27. Kd1
dxe4 28. Nxe6 Rd7+ 29. Ke2 Rd2+ 30. Ke3 Rd7 31. fxe4 Bd2+ {#R} 0-1

[Event "National Chess Day"]
[Site "Boise, ID"]
[Date "2012.10.13"]
[Round "8.2"]
[White "Roland, Jeffrey T"]
[Black "Longhurst, Corey"]
[Result "1-0"]
[WhiteElo "1716"]
[BlackElo "1569"]

1. e4 c5 2. Nc3 Nc6 3. d3 d6 4. g3 g6 5. Bg2 Bg7 6. f4 Bd7 7. Nf3 Qa5 8. Bd2
Qb6 9. Nd5 Qd8 10. c3 e6 11. Ne3 Nge7 12. O-O O-O 13. Qe2 Re8 14. Qf2 Qb6 15.
Nh4 Bf6 16. Nc4 Qc7 17. Nxd6 Bxh4 18. Nxe8 Rxe8 19. gxh4 b6 20. f5 exf5 21.
Bf4 Qc8 22. Bh6 Ne5 23. Qg3 Ng4 24. Bd2 Nc6 25. h3 Nf6 26. Rae1 Nh5 27. Qg5
Rd8 28. exf5 f6 29. Bd5+ Kh8 30. Qh6 Bxf5 31. Bxc6 Qxc6 32. Rxf5 Rxd3 33. Qf8#
1-0

[Event "WIO (Open)"]
[Site "Boise, ID"]
[Date "2012.12.08"]
[Round "1.5"]
[White "Longhurst, Corey Kenneth"]
[Black "Kircher, Caleb Paul"]
[Result "0-1"]
[WhiteElo "1537"]
[BlackElo "1834"]

1. e4 d5 2. exd5 Qxd5 3. Nc3 Qd6 4. d4 Nf6 5. Nf3 c6 6. Be2 Bf5 7. O-O e6 8.
Nh4 Bg6 9. Bf3 Be7 10. Nxg6 hxg6 11. g3 Na6 12. Bf4 Qd7 13. Be5 O-O-O 14. a3
Rh7 15. Qd2 Rdh8 16. h4 Ne8 17. Rad1 f6 18. Bf4 Nd6 19. Qe2 Nc7 20. Rfe1 Re8
21. Nb1 f5 22. c4 Bf6 23. Qd3 Nf7 24. Re2 g5 25. Bc1 gxh4 26. gxh4 Rxh4 27.
Be3 f4 28. Bc1 Reh8 29. Bg2 Ng5 30. b4 Qe8 31. Nc3 Qh5 32. f3 Rh1+ 33. Bxh1
Qxh1+ 34. Kf2 Nh3# 0-1

[Event "WIO (Open)"]
[Site "Boise, ID"]
[Date "2012.12.08"]
[Round "2.7"]
[White "Baggett, Jeff M"]
[Black "Longhurst, Corey Kenneth"]
[Result "1-0"]
[WhiteElo "1722"]
[BlackElo "1537"]

1. e4 c5 2. Bc4 d6 3. c3 Nc6 4. Bb3 Qb6 5. h3 g6 6. Ne2 Bg7 7. O-O e6 8. Bc2
Nge7 9. Na3 O-O 10. Nc4 Qc7 11. Rb1 a5 12. d4 b5 13. Ne3 cxd4 14. cxd4 Bb7 15.
a3 Rac8 16. Bb3 a4 17. Ba2 Na5 18. d5 exd5 19. exd5 Nb3 20. Bxb3 axb3 21. Qxb3
Qc5 22. Nf4 Qd4 23. Qxb5 Rb8 24. Qd7 Qe5 25. Ng4 Qe4 26. Qxd6 Qxb1 27. Qxe7
Rfe8 28. Nf6+ Bxf6 29. Qxf6 Qc2 30. Ne6 fxe6 31. Bh6 Qc7 32. d6 Qf7 33. Qd4
Bd5 34. Bg5 Qb7 35. Qg4 Qc6 36. Be7 Rxb2 37. Re1 Qc3 38. Rxe6 Qc1+ 39. Kh2 Rb1
40. Rxg6+ hxg6 41. Qxg6+ Kh8 42. Bf6# 1-0

[Event "WIO (Open)"]
[Site "Boise, ID"]
[Date "2012.12.09"]
[Round "4.10"]
[White "Nathan, Jacob Ari"]
[Black "Longhurst, Corey Kenneth"]
[Result "1-0"]
[WhiteElo "687"]
[BlackElo "1537"]

1. e4 c5 2. Nf3 d6 3. d4 cxd4 4. Nxd4 a6 5. Nc3 Qb6 6. Bc4 Nf6 7. O-O g6 8.
Re1 Ng4 9. h3 Ne5 10. Bb3 Bg7 11. Be3 Qc7 12. Nd5 Qd8 13. Bg5 f6 14. Be3 Nbc6
15. c3 Bd7 16. Rc1 h5 17. Bf4 Nf7 18. Qf3 e5 19. Nxc6 bxc6 20. Bg3 cxd5 21.
Bxd5 Rb8 22. Rb1 g5 23. h4 Bg4 24. Bc6+ Kf8 25. Qe3 Bh6 26. Qd3 a5 27. Bd5 Qd7
28. Qa6 Qc7 29. a4 gxh4 30. Bxh4 Kg7 31. b4 Bd2 32. Rf1 axb4 33. cxb4 Rxb4 34.
Rxb4 Bxb4 35. Rb1 Bc5 36. Kh1 Rb8 37. Rc1 Rb2 38. f3 Bc8 39. Qf1 Qb6 40. Qe1
Bb4 41. Qg3+ Ng5 42. Bxg5 Ba6 43. Be3+ Kf8 44. Bxb6 Bd2 45. Qg8+ Ke7 46. Rc7#
1-0

[Event "WIO (Open)"]
[Site "Boise, ID"]
[Date "2013.12.14"]
[Round "1.6"]
[White "Longhurst, Corey Kenneth"]
[Black "Crosby, Jaime"]
[Result "0-1"]
[WhiteElo "1493"]
[BlackElo "2244"]
[EventRounds "5"]
[EventCountry "USA"]

1. e4 e6 2. d4 d5 3. Nc3 Nf6 4. Bg5 Be7 5. e5 Nfd7 6. Bxe7 Qxe7 7. a3 O-O 8.
Bd3 f5 9. exf6 Nxf6 10. h3 c5 11. Nf3 cxd4 12. Nxd4 e5 13. Nb3 Nc6 14. Qd2 a5
15. Na4 e4 16. Bb5 Ne5 17. O-O-O Be6 18. Nxa5 Rfd8 19. Nb3 Qc7 20. Qc3 Nc4 21.
Nac5 Bf7 22. Qb4 b6 23. Na6 Qf4+ 24. Kb1 Qxf2 25. Rdf1 Qg3 26. Nd4 Qe5 27. Nc6
Qg5 28. Rxf6 Qxf6 29. Nxd8 Rxd8 30. b3 Ne3 31. Qd2 d4 32. Nb4 Rc8 33. Rc1 Qe5
34. Ba6 Rc3 35. Kb2 h6 36. Bb7 Nxc2 37. Qxc3 dxc3+ 38. Kxc2 Qd4 39. Rd1 Bxb3+
{#R} 0-1

[Event "WIO (Open)"]
[Site "Boise, ID"]
[Date "2013.12.14"]
[Round "2.6"]
[White "Brooks, James Patrick"]
[Black "Longhurst, Corey Kenneth"]
[Result "1/2-1/2"]
[WhiteElo "1408"]
[BlackElo "1493"]
[EventRounds "5"]
[EventCountry "USA"]

1. e4 c5 2. d4 cxd4 3. c3 dxc3 4. Nxc3 d6 5. Nf3 Nc6 6. Bc4 Bg4 7. h3 Bh5 8.
O-O Nf6 9. Re1 e6 10. g4 Bg6 11. Bg5 Rc8 12. Bb5 a6 13. Bxc6+ Rxc6 14. e5 dxe5
15. Qxd8+ Kxd8 16. Nxe5 Rc5 17. f4 Be7 18. f5 exf5 19. gxf5 Bh5 20. Rad1+ Ke8
21. Rd3 b5 22. b4 Rc7 23. Bxf6 gxf6 24. Ng4 Kf8 25. Rxe7 Rxe7 26. Nxf6 Be2 27.
Nxe2 Rxe2 28. Rd8+ Kg7 29. Nh5+ Kh6 30. Rxh8 Kxh5 31. Rxh7+ Kg5 32. Rxf7 Re4
33. a3 Re3 34. f6 Rxh3 35. Rf8 Rg3+ 36. Kf2 Rxa3 37. f7 Kg6 38. Ke2 Rb3 39.
Ra8 Kxf7 40. Rxa6 Rxb4 41. Kd3 Ke7 42. Kc3 Rb1 43. Kc2 Rb4 44. Kc3 Rc4+ 45.
Kb3 {#d} 1/2-1/2

[Event "WIO (Open)"]
[Site "Boise, ID"]
[Date "2013.12.14"]
[Round "3.5"]
[White "Longhurst, Corey Kenneth"]
[Black "Hamilton, Brett B"]
[Result "0-1"]
[WhiteElo "1493"]
[BlackElo "1700"]
[EventRounds "5"]
[EventCountry "USA"]

1. e4 c5 2. Nf3 Nc6 3. d4 cxd4 4. Nxd4 a6 5. Nc3 e6 6. a3 Qc7 7. Nf3 g6 8. Be2
Bg7 9. Qd3 Nf6 10. h3 O-O 11. O-O b5 12. Be3 Bb7 13. Nd2 Ne5 14. Bf4 Nxd3 15.
Bxc7 Nxb2 16. Bf3 Rfc8 17. Ba5 Nc4 18. Nxc4 Rxc4 19. Rae1 Rac8 20. Re3 d6 21.
Rd1 Ne8 22. Nb1 Rxc2 23. e5 Bxf3 24. gxf3 Bxe5 25. Re4 Rc1 26. Ree1 Rxd1 27.
Rxd1 Bb2 28. Bd2 Kg7 29. Kg2 d5 30. Be3 Nd6 31. Rd2 Nc4 32. Bd4+ Bxd4 33. Rxd4
Kf6 34. Rf4+ Ke7 35. Kg3 e5 36. Rg4 h5 37. Rg5 Kf6 38. f4 Re8 39. a4 exf4+ 40.
Kh4 Ne5 41. Rxe5 Rxe5 42. axb5 axb5 43. Nd2 Re2 44. Nb3 Rxf2 45. Nd4 b4 46.
Nb3 Ra2 47. Nd4 Ra8 48. Ne2 Rh8 49. Nxf4 g5+ 50. Kg3 gxf4+ 51. Kxf4 b3 {#R}
0-1

[Event "WIO (Open)"]
[Site "Boise, ID"]
[Date "2013.12.15"]
[Round "5.6"]
[White "Longhurst, Corey Kenneth"]
[Black "Nathan, Jacob"]
[Result "0-1"]
[WhiteElo "1493"]
[BlackElo "937"]
[EventRounds "5"]
[EventCountry "USA"]

1. e4 e5 2. Nf3 Nc6 3. Bb5 a6 4. Ba4 Bd6 5. c3 Nf6 6. d3 b5 7. Bc2 Bc5 8. h3
Bb7 9. b4 Bb6 10. a4 h6 11. Bb2 O-O 12. O-O Re8 13. Nbd2 d6 14. axb5 axb5 15.
Nb3 Rxa1 16. Qxa1 Ne7 17. Re1 Ng6 18. d4 Nf4 19. dxe5 dxe5 20. Na5 Bc8 21. Kh2
Nh7 22. Nc6 Qf6 23. Na7 Ng5 24. Nxe5 Nfxh3 25. Nxc8 Qf4+ 26. Kh1 Nxf2+ 27. Kg1
Ng4+ 28. Nxb6 Nh3+ 29. gxh3 Qh2+ {#R} 0-1

[Event "BCC Inaugural"]
[Site "Boise, ID"]
[Date "2014.03.08"]
[Round "2.2"]
[White "Hamilton, Brett B"]
[Black "Longhurst, Corey K"]
[Result "1-0"]
[WhiteElo "1700"]
[BlackElo "1423"]

1. d4 Nf6 2. c4 g6 3. Nc3 d5 4. e3 c6 5. Nf3 Bg7 6. Bd3 O-O 7. O-O h6 8. h3
Be6 9. Ne5 Nbd7 10. f4 dxc4 11. Nxc4 Bxc4 12. Bxc4 b5 13. Bd3 e6 14. Bd2 Nb6
15. b3 Nh7 16. Ne4 Nd5 17. Rc1 Rc8 18. Nc5 a5 19. Qf3 Nb4 20. Bb1 Nd5 21. Nb7
Qb6 22. Nc5 Rc7 23. a3 b4 24. a4 Ne7 25. Rc4 Rd8 26. Rfc1 Rd6 27. Be1 Bf6 28.
Ne4 Rdd7 29. Nxf6+ Nxf6 30. Bh4 Kg7 31. Bf2 Qa6 32. e4 Nh7 33. Bd3 Qa8 34. d5
exd5 35. Bd4+ Kg8 36. exd5 Nxd5 37. f5 Ng5 38. Qg3 f6 39. h4 Nh7 40. fxg6 Nf8
41. Be4 Qe8 42. Bxd5+ Rxd5 43. Qxc7 Rxd4 44. Qxc6 Rd2 45. Qxe8 {#r} 1-0

[Event "BCC Inaugural"]
[Site "Boise, ID"]
[Date "2014.03.08"]
[Round "3.2"]
[White "Longhurst, Corey Kenneth"]
[Black "Edvalson, Paul"]
[Result "1-0"]
[WhiteElo "1423"]
[BlackElo "1647"]

1. e4 e5 2. Nf3 Nc6 3. Bb5 a6 4. Ba4 b5 5. Bb3 Nf6 6. c3 Be7 7. Bc2 d6 8. h3
O-O 9. O-O Nb8 10. d4 Nbd7 11. Re1 Re8 12. d5 Bb7 13. b4 c6 14. dxc6 Bxc6 15.
Nbd2 Bf8 16. Bb3 d5 17. exd5 Nxd5 18. Bb2 g6 19. Nf1 N5b6 20. Ne3 Bg7 21. Rb1
Qc7 22. Ng5 Rf8 23. Rc1 h6 24. Nf3 Rad8 25. Qe2 Rfe8 26. c4 bxc4 27. Nxc4 Nxc4
28. Qxc4 Re6 29. Qc2 Rd6 30. Nh4 Kh7 31. Bxf7 Nf8 32. Bb3 Rd2 33. Qc4 Nd7 34.
Ba3 Qb6 35. Re3 Rd4 36. Qxc6 Qxc6 37. Rxc6 Rxh4 38. Rxa6 Bf8 39. g4 h5 40. f3
Rxh3 41. Kg2 Rh4 42. Kg3 Rh1 43. Rd3 Kh8 44. Ra7 Rg1+ 45. Kf2 Rh1 46. Rdxd7
Rxd7 47. Rxd7 Bh6 48. Kg2 Re1 49. gxh5 gxh5 50. b5 Bf4 51. b6 Re2+ 52. Kf1 Rh2
53. Kg1 Re2 54. Bb4 Be3+ 55. Kf1 Rf2+ 56. Ke1 Bxb6 57. Bd5 h4 58. Be4 Rxa2 59.
Rh7+ Kg8 60. Bc3 Rh2 61. Bxe5 Rh1+ 62. Kd2 h3 63. Kc3 Be3 64. Bg3 Rg1 65. Be5
Rc1+ 66. Kd3 Bb6 67. Rxh3 Rd1+ 68. Kc2 Rg1 69. Rh8+ Kf7 70. Bd5+ Kg6 71. Rg8+
Kf5 72. Rxg1 Bxg1 73. Bc7 Be3 74. Kd3 Bc1 75. Be4+ Ke6 76. f4 Kd7 77. Be5 Ke6
78. Kc2 Ba3 79. Bd4 Bd6 80. f5+ Kf7 81. Bd5+ Ke7 82. f6+ Kf8 83. Kd3 Bg3 84.
Ke4 Bd6 85. Kf5 Bc7 86. Bc5+ Ke8 87. f7+ Kd7 88. f8=Q Bg3 89. Qe7+ Kc8 90. Bb6
Bb8 91. Qd8# 1-0

[Event "BCC Inaugural"]
[Site "Boise, ID"]
[Date "2014.03.08"]
[Round "4.3"]
[White "Longhurst, Corey Kenneth"]
[Black "Hill, Elijah Andrew"]
[Result "0-1"]
[WhiteElo "1423"]
[BlackElo "1126"]

1. e4 c5 2. Nf3 Nc6 3. d4 cxd4 4. Nxd4 e5 5. Nb5 Qb6 6. Be3 Qa5+ 7. N1c3 Nf6
8. f3 Bb4 9. Bd2 O-O 10. a3 Bxc3 11. Bxc3 Qb6 12. Nd6 Nh5 13. Nxc8 Raxc8 14.
g3 Nf6 15. Qd3 Rcd8 16. O-O-O d5 17. exd5 Rxd5 18. Qe2 Rfd8 19. Bg2 Nd4 20.
Qc4 Rc5 21. Qf1 Qe6 22. Kb1 Qb6 23. Rd3 Nd5 24. Bxd4 exd4 25. Rb3 Qg6 26. Qd3
Qf6 27. Rc1 Ne3 28. Bh1 Qe7 29. Rb4 Rcd5 30. f4 R5d7 31. Be4 h6 32. f5 Ng4 33.
h3 Nf2 34. Qe2 Nxe4 35. Re1 Re8 36. c3 Nxc3+ 37. bxc3 Qxe2 38. Rxe2 Rxe2 39.
cxd4 Rd2 40. f6 gxf6 41. d5 R2xd5 42. Rg4+ Rg5 {#R} 0-1